000 00501nam a2200181Ia 4500
005 20250317123429.0
008 008 250317s9999 xx 000 0 eng d
037 _aTextbook
040 _aFMSL
_beng
_cFMSL
041 _aeng
_2eng
084 _aD658(B) L2
_qFMSL
100 _aNegus R
_9735552
245 0 _aGuide to computer burean services
260 _aNew Delhi
_bNew Delhi, Pitman
_c1972
300 _a158p
942 _cTB
_hD658(B) L2
999 _c1251217
_d1251217